000 00796nam a22002413a 4500
005 20231024063648.0
008 010529s1993 mx r 000 0 spa d
020 _a8427710526
035 _aUPN01000107028
049 _aCG
050 4 _aQA41
_bG8.28
100 1 _aGuibert, Annie
245 1 0 _aActividades geométricas :
_bpara educación infantil y primaria /
_cAnnie Guibert, Joël Lebeaume, Roland Mousset ; tr. Pablo de Luis Durán.
260 _aMadrid :
_bNarcea,
_c1993.
300 _a159 p. :
_bil.
440 0 _aPrimeros años
650 4 _aGeometría
_xEstudio y enseñanza (Elemental)
_94869
650 4 _aEDUCACION PRIMARIA -
_vMATERIALES DIDACTICOS
_918418
700 1 _aLebeaume, Joël,
_ecoaut.
700 1 _aMousset, Roland,
_ecoaut.
905 _aLibro
999 _c80940
_d80940